000 00466nam a2200145 i 4500
001 25564
003 ES-MaACL
007 t|
008 021227s1941 sp ||||1| spa d
100 1 _aArias Vallejo, Eduardo.
_922807
245 1 0 _aManuales de medicina práctica
_b: Clínica de las Hipovitaminosis /
_cEduardo Arias Vallejo.
260 _aBarcelona :
_bSalvat,
_c1941 (
_fImp. Hispano-Americana)
300 _a171 p. ;
_c24 cm.
852 _aES-MaACL
_jE-840
_bR.19260
999 _c25564
_d25564